| 000 | 00792nam a2200301 a 4500 | ||
|---|---|---|---|
| 003 | AR-BaBNM | ||
| 005 | 20251128202753.0 | ||
| 008 | 082120s2002 ||||||||||||||000 | spa|| | ||
| 040 | _cAR-BaBNM | ||
| 100 | 1 |
_aSarmiento, Domingo Faustino _d1811-1888 |
|
| 245 | 0 | 0 |
_aFacundo _bo civilización y barbarie |
| 250 | _a8ª ed. | ||
| 260 |
_aBuenos Aires _bSopena Argentina _c1960 |
||
| 300 | _a261 p. | ||
| 490 | 0 | _aLiteraria Sopena | |
| 650 | 4 | _aLITERATURA ARGENTINA | |
| 650 | 4 | _aHISTORIA ARGENTINA | |
| 650 | 4 | _aROMANTICISMO | |
| 650 | 4 | _aTEORIA DEL ESTADO | |
| 650 | 4 | _aROSAS Y SU TIEMPO | |
| 650 | 4 | _aREACCIONES CONTRA ROSAS | |
| 650 | 4 | _aCAUDILLOS ARGENTINOS | |
| 650 | 4 | _aHISTORIA SOCIAL | |
| 653 | _aNARRATIVA | ||
| 655 | _aLITERATURA | ||
| 942 | _cBK | ||
| 998 | _cMARTIN | ||
| 999 |
_c488 _d488 |
||